| 000 | 01718nam a2200229Ia 4500 | ||
|---|---|---|---|
| 008 | 260220t2010||||xx |||||||||||||| ||spa|| | ||
| 040 |
_aPY-SlUNAC _bspa _erda |
||
| 041 | _aspa | ||
| 082 |
_a306.08 _bOr3c |
||
| 245 | 0 | _aConvenio 169 de la OIT sobre los pueblos indígenas y tribales en países independientes | |
| 264 |
_aAsunción : _bLitocolor, _c℗2010. |
||
| 300 | _a1 volumen | ||
| 520 | _aEl "Convenio 169 de la OIT sobre los pueblos indígenas y tribales en países independientes" es un documento fundamental que establece los derechos de los pueblos indígenas y tribales, promoviendo su reconocimiento y autonomía en el contexto de los Estados soberanos. Adoptado en 1989, este convenio busca garantizar que las comunidades indígenas participen en la toma de decisiones que afectan sus vidas y territorios, reconociendo su derecho a mantener y fortalecer su identidad cultural, así como a preservar sus tradiciones y formas de vida. Además, el convenio subraya la importancia de la consulta previa, libre e informada en cuestiones que les conciernen, promoviendo así el respeto a sus derechos humanos y a su desarrollo sostenible. Con un enfoque en la justicia social y la igualdad, el documento plantea un marco legal que busca proteger los intereses de estas comunidades, fomentando un diálogo intercultural y el desarrollo de políticas que respondan a sus necesidades específicas en los países que lo ratifican. | ||
| 653 | _aConvenios internacionales | ||
| 653 | _aDerechos humanos | ||
| 653 | _aPueblos indígenas | ||
| 942 |
_b2026/02/17 _cBK |
||
| 999 |
_c6986 _d6986 |
||